| Tag |
First Indicator |
Second Indicator |
Subfields |
| LEADER |
00000cam a22000008a 4500 |
| 001 |
in00000072681 |
| 005 |
20151008054604.0 |
| 008 |
811007s1981 nyu 00011 eng |
| 010 |
|
|
|a 81016713
|
| 020 |
|
|
|a 0312854560 :
|c $10.95
|
| 035 |
|
|
|a (OCoLC)07925801
|
| 035 |
|
|
|9 AAJ1101AM
|
| 039 |
0 |
|
|a 2
|b 3
|c 3
|d 3
|e 3
|
| 040 |
|
|
|a DLC
|c DLC
|d TXA
|d UtOrBLW
|
| 049 |
|
|
|a TXAM
|c [1672549]
|
| 050 |
0 |
0 |
|a PR6052.A84
|b W3 1981
|
| 082 |
0 |
|
|a 823/.914
|2 19
|
| 100 |
1 |
|
|a Bawden, Nina,
|d 1925-2012.
|
| 245 |
1 |
0 |
|a Walking naked /
|c Nina Bawden.
|
| 263 |
|
|
|a 8202
|
| 264 |
|
1 |
|a New York :
|b St. Martin's Press,
|c [1981]
|
| 264 |
|
4 |
|c ©1981
|
| 300 |
|
|
|a 221 pages ;
|c 22 cm.
|
| 336 |
|
|
|a text
|b txt
|2 rdacontent
|
| 337 |
|
|
|a unmediated
|b n
|2 rdamedia
|
| 338 |
|
|
|a volume
|b nc
|2 rdacarrier
|
| 999 |
|
|
|a MARS
|
| 999 |
f |
f |
|s 3de00e98-9ef3-3479-80ab-d2efe53f6060
|i e9524b1f-f3c8-323e-8c44-3c09a17cabdb
|t 0
|
| 952 |
f |
f |
|p ric
|a Texas A&M University
|b Rellis Campus
|c Joint Library Facility
|d Remote Storage
|t 0
|e PR6052.A84 W3 1981
|h Library of Congress classification
|i unmediated -- volume
|m A14806187467
|
| 998 |
f |
f |
|a PR6052.A84 W3 1981
|t 0
|l Remote Storage
|